[Event "Bayernliga 1213 U20"]
[Site "Bayern"]
[Date "2012.12.01"]
[Round "2.2"]
[White "Milling, Manuel"]
[Black "Rabenstein, Stefan"]
[Result "1/2-1/2"]
[WhiteElo "1722"]
[BlackElo "1754"]
[PlyCount "70"]
[EventDate "2012.10.20"]
[EventType "team-tourn"]
[EventRounds "7"]
[EventCountry "GER"]
[SourceTitle "EXT 2020"]
[Source "ChessBase"]
[SourceDate "2019.10.17"]
[SourceVersion "1"]
[SourceVersionDate "2019.10.17"]
[SourceQuality "1"]
[WhiteTeam "Klosterlechfeld U20"]
[BlackTeam "Erlangen SC U20"]
[WhiteTeamCountry "GER"]
[BlackTeamCountry "GER"]

1. e4 e6 2. d4 d5 3. exd5 exd5 4. Bd3 Bd6 5. Ne2 Ne7 6. Bf4 Bf5 7. Nbc3 c6 8. 0-0 0-0 9. Re1 Qc7 10. Bxd6 Qxd6 11. Ng3 Bg6 12. Re3 Nd7 13. Qe2 Bxd3 14. Qxd3 Nf6 15. Rae1 Rae8 16. Nd1 Ng6 17. Nf5 Qd7 18. Rxe8 Rxe8 19. Rxe8+ Qxe8 20. Nde3 Nf4 21. Qa3 g6 22. Qd6 Ne6 23. Nh6+ Kg7 24. Qe5 Nf8 25. Qxe8 Nxe8 26. Nhg4 Ne6 27. c3 Nf4 28. Ne5 f6 29. Nd7 Nd6 30. Nc5 b6 31. Nd7 Nd3 32. Nb8 c5 33. dxc5 bxc5 34. Nxd5 Nxb2 35. Nd7 Na4 1/2-1/2

[Event "Mittelfranken-ch QT 55th"]
[Site "Postbauer"]
[Date "2006.04.13"]
[Round "4"]
[White "Rabenstein, Stefan"]
[Black "Margraf, Matthias"]
[Result "1-0"]
[WhiteElo "1098"]
[BlackElo "1513"]
[PlyCount "101"]
[EventDate "2006.04.12"]
[EventType "swiss"]
[EventRounds "7"]
[EventCountry "GER"]
[SourceTitle "EXT 2015"]
[Source "ChessBase"]
[SourceDate "2014.11.20"]
[SourceVersion "1"]
[SourceVersionDate "2014.11.20"]
[SourceQuality "1"]

1. d4 Nf6 2. g3 c5 3. Bg2 e6 4. c4 g6 5. Bg5 Bg7 6. Nc3 Nc6 7. Nf3 h6 8. Bf4 0-0 9. 0-0 cxd4 10. Nxd4 Nxd4 11. Qxd4 Nh5 12. Qd2 Nxf4 13. Qxf4 Bxc3 14. bxc3 Kg7 15. Rab1 Qa5 16. Qd2 Rb8 17. Rb5 Qc7 18. Qd4+ f6 19. Qxa7 Qxc4 20. Rfb1 Qc7 21. Bxb7 Rf7 22. Rc5 Qxb7 23. Rxb7 Rxb7 24. Qa4 Rb1+ 25. Kg2 Bb7+ 26. f3 Re1 27. Qb5 Bc6 28. Qd3 Rf8 29. Qd2 Rb1 30. Ra5 Rfb8 31. Qd6 Kf7 32. Ra7 Ke8 33. Qd3 f5 34. Qd4 R8b2 35. Qe5 Re1 36. Kf2 Rexe2+ 37. Qxe2 Rxe2+ 38. Kxe2 Kd8 39. f4 Kc8 40. Kd3 Kb8 41. Ra5 d6 42. c4 Kb7 43. Kd4 Kb6 44. Ra3 g5 45. Rc3 Be4 46. c5+ dxc5+ 47. Rxc5 Bd5 48. a4 gxf4 49. a5+ Ka6 50. gxf4 h5 51. Rxd5 1-0